000
00230nam a2200097Ia 4500
008
230915s9999 xx 000 0 und d
050
_a
HB 172.5 .B692 2005 C.1
100
_a
BOYES,WILLIAM
245
0
_a
MACROECONOMICS
942
_c
BK
999
_c
74014
_d
74014